[Event "9th Asrian Memorial 2016"]
[Site "Yerevan ARM"]
[Date "2016.06.19"]
[Round "4.18"]
[White "Hakobyan, Aram"]
[Black "Babayan, Armine"]
[Result "1-0"]
[WhiteTitle "FM"]
[WhiteElo "2382"]
[BlackElo "2169"]
[WhiteFideId "13306677"]
[BlackFideId "13304135"]
[EventDate "2016.06.16"]

1. d4 Nf6 2. c4 e6 3. Nf3 b6 4. e3 Bb7 5. Bd3 d5 6. b3 Nbd7 7. O-O Be7 8. Bb2
Ne4 9. Nc3 O-O 10. Qe2 f5 11. Rac1 a5 12. Rfd1 c6 13. Qc2 Bd6 14. Ne2 Qe7 15.
Ne5 Rfc8 16. Nf4 Nxe5 17. dxe5 Bc5 18. Bd4 Ba3 19. Rb1 b5 20. Bxe4 fxe4 21. c5
b4 22. f3 exf3 23. gxf3 Rf8 24. Kh1 Rf5 25. Rg1 Raf8 26. Rg4 Rxf4 27. exf4 Rf5
28. Rbg1 g6 29. Rg5 Bc8 30. Rxf5 exf5 31. e6 Qxe6 32. Qd2 Qf7 33. Ba1 Kf8 34.
Re1 g5 35. Qd4 Be6 36. Qe5 1-0

[Event "9th Asrian Memorial 2016"]
[Site "Yerevan ARM"]
[Date "2016.06.19"]
[Round "4.19"]
[White "Yeritsyan, Hayk"]
[Black "Mikaelyan, Arman"]
[Result "0-1"]
[BlackTitle "IM"]
[WhiteElo "2082"]
[BlackElo "2444"]
[WhiteFideId "13307320"]
[BlackFideId "13304852"]
[EventDate "2016.06.16"]

1. e4 c5 2. Nf3 e6 3. Nc3 a6 4. d4 cxd4 5. Nxd4 Qc7 6. Qg4 d6 7. Qg3 b5 8. a3
Bb7 9. Bd3 Nd7 10. O-O Ngf6 11. Bd2 Ne5 12. Rae1 Rc8 13. Kh1 Nc4 14. Bc1 Qb6 15.
Nde2 g6 16. f4 Qc5 17. b3 Bg7 18. a4 O-O 19. axb5 axb5 20. bxc4 bxc4 21. Be3 Qc7
22. Rc1 Qd7 23. Qh4 cxd3 24. cxd3 Rfe8 25. Bd4 e5 26. Be3 Ng4 27. Bd2 exf4 28.
Nxf4 Ne5 29. Ncd5 Rxc1 30. Bxc1 Qd8 31. Qg3 Ba6 32. Nb4 Bb5 33. Nfd5 h6 34. h3
Re6 35. Bd2 Kh7 36. Rc1 Qb8 37. Qe3 Re8 38. Nb6 Nxd3 39. Nxd3 Bxd3 40. Qxd3 Qxb6
41. Rf1 Qc7 42. Bf4 Re6 43. Rc1 Qe7 44. Rc4 Qf6 45. Bg3 h5 46. h4 Bh6 47. Rc7
Bf4 48. Qf3 Rxe4 49. Qxe4 Bxg3 50. Qc4 d5 51. Rc6 Qa1+ 52. Qc1 Qa4 53. Rc8 Qxh4+
54. Kg1 Qh2+ 55. Kf1 Qh1+ 56. Ke2 Qxg2+ 57. Kd3 Be5 58. Qc5 Qe4+ 59. Kd2 d4 60.
Qf8 Bf4+ 0-1

[Event "9th Asrian Memorial 2016"]
[Site "Yerevan ARM"]
[Date "2016.06.19"]
[Round "4.20"]
[White "Matevosyan, Sedrak"]
[Black "Hovhannisyan, Karen G."]
[Result "0-1"]
[WhiteElo "2077"]
[BlackElo "2244"]
[WhiteFideId "13302035"]
[BlackFideId "13306618"]
[EventDate "2016.06.16"]

1. d4 Nf6 2. Nf3 g6 3. c4 Bg7 4. Nc3 O-O 5. e4 d6 6. Be2 e5 7. O-O Nc6 8. d5 Ne7
9. a4 Nh5 10. a5 h6 11. a6 Nf4 12. axb7 Bxb7 13. Bxf4 exf4 14. Qd2 g5 15. Ra3
Bc8 16. Nd4 Be5 17. Rfa1 a6 18. c5 dxc5 19. Nf3 Bg7 20. Bxa6 Ng6 21. Bxc8 Rxc8
22. h3 h5 23. Na4 Rb8 24. Rc1 Re8 25. Qc2 g4 26. Nh2 Qh4 27. hxg4 hxg4 28. Rf1
Bd4 29. Rd1 g3 30. Nf3 gxf2+ 31. Kf1 Qh1+ 0-1

[Event "9th Asrian Memorial 2016"]
[Site "Yerevan ARM"]
[Date "2016.06.19"]
[Round "4.21"]
[White "Hairapetian, Anna"]
[Black "Avetisyan, Mariam"]
[Result "1/2-1/2"]
[WhiteTitle "WIM"]
[WhiteElo "2184"]
[BlackElo "2050"]
[WhiteFideId "13303554"]
[BlackFideId "13307622"]
[EventDate "2016.06.16"]

1. d4 Nf6 2. Nf3 c5 3. e3 g6 4. Bd3 Bg7 5. b3 cxd4 6. exd4 O-O 7. O-O d5 8. Bb2
Nc6 9. a3 Ne4 10. h3 Qb6 11. Be2 Rd8 12. Ne5 Bf5 13. g4 Be6 14. Kg2 Nxe5 15.
dxe5 d4 16. Bd3 Bd5 17. f3 Ng5 18. Bc1 Ne6 19. Re1 Qc7 20. Qe2 Rac8 21. Ra2 Qb8
22. a4 Bxb3 23. Rb2 Bd5 24. Na3 Rc5 25. Rb5 Rxb5 26. axb5 Qc7 27. h4 Qd7 28. Kg3
Nc5 29. h5 gxh5 30. gxh5 Qe6 31. f4 Nxd3 32. Qxd3 Kh8 33. Rg1 f6 34. f5 Qxe5+
35. Bf4 Qxf4+ 36. Kxf4 Bh6+ 37. Kg3 Rg8+ 38. Kh3 Rxg1 39. Qxd4 Rh1+ 40. Kg3 Bg8
41. Qxa7 Rxh5 42. Qxb7 Rg5+ 43. Kh4 Rxf5 44. b6 Be3 45. Qb8 Kg7 46. b7 Bd5 47.
c4 Be4 48. Qc7 Rf4+ 49. Kh3 Rf3+ 50. Kh2 Rf2+ 51. Kh3 Rf3+ 1/2-1/2

[Event "9th Asrian Memorial 2016"]
[Site "Yerevan ARM"]
[Date "2016.06.19"]
[Round "4.22"]
[White "Shmavonyan, Areg"]
[Black "Mkrtchyan, Sargis R."]
[Result "1-0"]
[WhiteElo "1995"]
[BlackElo "2183"]
[WhiteFideId "13309420"]
[BlackFideId "13307878"]
[EventDate "2016.06.16"]

1. d4 d6 2. c4 Nf6 3. Nc3 g6 4. e4 Bg7 5. f3 O-O 6. Nge2 c6 7. Be3 a6 8. c5 b5
9. Qd2 Nbd7 10. Nf4 Qc7 11. Nd3 dxc5 12. dxc5 Rd8 13. Qf2 e5 14. Be2 Nf8 15. O-O
Ne6 16. Rfd1 Nd4 17. Bf1 Be6 18. Rd2 a5 19. Nxe5 Nb3 20. axb3 Qxe5 21. Rxa5 Bxb3
22. Rxa8 Rxa8 23. Bd4 Qe7 24. Qe3 Be6 25. b4 Nd7 26. Bxg7 Kxg7 27. Qd4+ Qf6 28.
Qxf6+ Kxf6 29. Rd6 Nb8 30. Kf2 Ra3 31. Nd5+ Ke5 32. Ne7 Rb3 33. Rd8 Rb2+ 34. Ke3
Nd7 35. Nxc6+ Kf6 36. f4 g5 37. e5+ Kf5 38. Nd4+ Kg4 39. Be2+ Rxe2+ 40. Kxe2 1-0

[Event "9th Asrian Memorial 2016"]
[Site "Yerevan ARM"]
[Date "2016.06.19"]
[Round "4.23"]
[White "Zhylkaidarova, Sholpan"]
[Black "Sargsyan, Anna M."]
[Result "1/2-1/2"]
[WhiteTitle "WFM"]
[WhiteElo "2164"]
[BlackElo "1948"]
[WhiteFideId "13700138"]
[BlackFideId "13308130"]
[EventDate "2016.06.16"]

1. d4 d5 2. c4 c6 3. Nf3 Nf6 4. Nc3 e6 5. e3 Nbd7 6. Bd3 dxc4 7. Bxc4 b5 8. Bd3
Bb7 9. O-O b4 10. Ne4 Nxe4 11. Bxe4 Nf6 12. Bc2 Be7 13. b3 O-O 14. Bb2 Qb6 15.
Ne5 c5 16. Rc1 Rfd8 17. Qe2 Rac8 18. Rfd1 Ba8 19. dxc5 Bxc5 20. Bb1 Qb7 21. Nf3
Be7 22. Rxd8+ Rxd8 23. Rd1 Rxd1+ 24. Qxd1 h6 25. Qd4 Qd5 26. Bd3 Bc5 27. Qxd5
Bxd5 28. Kf1 Kf8 29. Ke2 Ke7 30. Ba6 g5 31. Ne1 Nd7 32. f3 e5 33. Nd3 Bd6 34. e4
Be6 35. Bc1 Nb8 36. Bc4 Bd7 37. Be3 Nc6 38. Bb5 Nd4+ 39. Bxd4 exd4 40. Bxd7 Kxd7
41. g3 Ke6 42. Nb2 f5 43. Kd3 h5 44. Nc4 fxe4+ 45. Kxe4 Bc5 46. Ne5 a6 47. Nd3
Bd6 48. Kxd4 h4 49. gxh4 gxh4 50. h3 Kf5 51. Kd5 Be7 52. Kd4 a5 53. Ke3 Bd8 54.
Kd4 Bf6+ 55. Kd5 Bd8 56. Kc6 Bf6 57. Kb5 Bd8 58. Ka4 Bb6 59. a3 bxa3 60. Kxa3
Bd8 61. Ka4 Bb6 62. Kb5 Bd8 63. Kc6 Bf6 64. Kd5 Bd8 65. Nc5 Be7 66. Nd3 Bd8 67.
Kd4 Bb6+ 68. Kc3 Bd8 69. Kd2 Bb6 70. Ke2 Ba7 71. Kf1 Bb6 72. Kg2 Ba7 73. Nb2 Bb6
74. Nc4 Bd8 75. Ne3+ Ke5 76. Nc4+ Kd4 77. f4 a4 78. bxa4 Kxc4 79. Kf3 Kb4 80.
Ke4 Kxa4 81. Ke5 Kb4 82. f5 Kc4 83. f6 Kd3 84. f7 Be7 85. Kf4 Kd4 86. Kg4 1/2-1/2

[Event "9th Asrian Memorial 2016"]
[Site "Yerevan ARM"]
[Date "2016.06.19"]
[Round "4.24"]
[White "Kshtoyan, Indat"]
[Black "Hakobyan, Hovhannes H."]
[Result "0-1"]
[WhiteElo "1939"]
[BlackElo "2161"]
[WhiteFideId "13304801"]
[BlackFideId "13306308"]
[EventDate "2016.06.16"]

1. d4 g6 2. c4 Nf6 3. Nc3 Bg7 4. e4 d6 5. Nf3 O-O 6. Be2 c5 7. O-O cxd4 8. Nxd4
Nc6 9. Be3 Bd7 10. Qd2 Nxd4 11. Bxd4 Bc6 12. f3 a5 13. Rfd1 Nd7 14. Be3 Nc5 15.
Rac1 Qb6 16. Nb5 f5 17. exf5 Rxf5 18. Nd4 Re5 19. f4 Ne4 20. Qc2 Rc5 21. Bf3 Nf6
22. Nxc6 bxc6 23. Bxc5 Qxc5+ 24. Qf2 Qxf2+ 25. Kxf2 Rb8 26. Rc2 c5 27. Re1 Kf8
28. Rce2 Re8 29. h3 Ng8 30. Bd5 Bd4+ 31. Kf3 Nf6 32. g4 Nd7 33. Bc6 Rd8 34. Rxe7
Ne5+ 35. fxe5 Kxe7 36. e6 Rf8+ 37. Kg2 Rf2+ 38. Kh1 Rxb2 39. Bd5 Rxa2 40. Rb1
Ra1 41. Be4 Kxe6 42. Kg2 Ke5 0-1

[Event "9th Asrian Memorial 2016"]
[Site "Yerevan ARM"]
[Date "2016.06.19"]
[Round "4.25"]
[White "Golikov, Daniil"]
[Black "Hoghmrtsyan, Artur"]
[Result "0-1"]
[WhiteElo "2142"]
[BlackElo "1870"]
[WhiteFideId "24170623"]
[BlackFideId "13306685"]
[EventDate "2016.06.16"]

1. c4 e6 2. Nc3 d5 3. d4 Be7 4. g3 Nf6 5. Bg2 O-O 6. Nf3 dxc4 7. Ne5 Qd6 8. Nxc4
Qa6 9. Ne3 Rd8 10. O-O c5 11. d5 Nc6 12. Bd2 Nd4 13. Re1 Rb8 14. b3 b6 15. dxe6
Bxe6 16. Nc2 Bf5 17. e4 Bg4 18. f3 Nxf3+ 19. Bxf3 Bxf3 20. Qxf3 Rxd2 21. Rac1
Qd3 22. Re3 Qd7 23. Nb1 Ng4 24. Nxd2 Qxd2 25. Ree1 Qxh2+ 26. Kf1 Ne5 27. Qe2
Qxg3 28. Red1 Nf3 29. Qf2 Nh2+ 30. Ke1 Qh3 31. Qf4 Re8 32. Rd5 Nf3+ 33. Ke2 Qg2+
34. Kd3 Bg5 35. Rxg5 Nxg5 36. Re1 Nf3 37. Re2 Ne5+ 38. Ke3 Qh3+ 0-1

[Event "9th Asrian Memorial 2016"]
[Site "Yerevan ARM"]
[Date "2016.06.19"]
[Round "4.26"]
[White "Korniyuk, Mariya"]
[Black "Nazaryan, Armenak"]
[Result "1-0"]
[WhiteTitle "WFM"]
[WhiteElo "2082"]
[BlackElo "1845"]
[WhiteFideId "14118874"]
[BlackFideId "13304747"]
[EventDate "2016.06.16"]

1. e4 e5 2. Nf3 Nc6 3. Bb5 a6 4. Ba4 Nf6 5. d3 d6 6. c3 g6 7. O-O Bg7 8. Re1 O-O
9. Nbd2 Re8 10. h3 h6 11. d4 b5 12. Bc2 Nb8 13. dxe5 dxe5 14. a4 Bb7 15. Qe2 c6
16. b4 Nbd7 17. Nb3 Rc8 18. c4 bxa4 19. Na5 Ba8 20. c5 Nxc5 21. Nc4 Nb7 22. Bxa4
Nd7 23. Bb2 Qc7 24. Red1 Nb6 25. Bb3 Nxc4 26. Qxc4 Nd6 27. Qd3 Rcd8 28. Rxa6 Bb7
29. Raa1 c5 30. bxc5 Nxe4 31. Qc4 Rxd1+ 32. Rxd1 Nxc5 33. Ba3 Bxf3 34. gxf3 Rc8 1-0

[Event "9th Asrian Memorial 2016"]
[Site "Yerevan ARM"]
[Date "2016.06.19"]
[Round "4.27"]
[White "Nanyan, Georgy"]
[Black "Chubar, Vladimir"]
[Result "1-0"]
[BlackTitle "IM"]
[WhiteElo "1570"]
[BlackElo "2007"]
[WhiteFideId "13310100"]
[BlackFideId "14101491"]
[EventDate "2016.06.16"]

1. Nf3 Nf6 2. c4 d6 3. d3 e5 4. Nc3 h6 5. g3 g6 6. Bg2 Bg7 7. O-O O-O 8. Ne1 c6
9. Qb3 Na6 10. h3 Nc5 11. Qc2 a5 12. Be3 Ne6 13. Qd2 Kh7 14. Nc2 d5 15. cxd5
cxd5 16. d4 e4 17. f3 Qd6 18. Bf2 Ng5 19. g4 exf3 20. exf3 Bd7 21. Be3 Ne6 22.
f4 Bc6 23. f5 Ng5 24. Bf4 Qd7 25. Bxg5 hxg5 26. Qxg5 Ne4 27. Nxe4 dxe4 28. Qh4+
Kg8 29. f6 Bh8 30. g5 e3 31. Rf4 Bxg2 32. Qh6 Qxh3 33. Rh4 1-0

[Event "9th Asrian Memorial 2016"]
[Site "Yerevan ARM"]
[Date "2016.06.19"]
[Round "4.28"]
[White "Barseghyan, Armen Ar."]
[Black "Grigoryan, Arpine"]
[Result "1-0"]
[WhiteElo "1849"]
[BlackElo "1978"]
[WhiteFideId "13306707"]
[BlackFideId "13307231"]
[EventDate "2016.06.16"]

1. d4 Nf6 2. Nf3 e6 3. e3 b6 4. Bd3 Bb7 5. O-O c5 6. c4 Be7 7. Nc3 h6 8. Bc2
cxd4 9. exd4 d5 10. cxd5 Nxd5 11. Nxd5 Bxd5 12. Ne5 O-O 13. Qg4 f5 14. Qg3 Rf6
15. Ba4 Kh7 16. h4 Bd6 17. h5 a6 18. Bf4 b5 19. Bc2 Qe8 20. Ng4 Bxf4 21. Nxf6+
gxf6 22. Qxf4 Qxh5 23. Bb3 Bxg2 24. Kxg2 Ra7 25. f3 Rg7+ 26. Kf2 e5 27. dxe5
fxe5 28. Qxe5 Qh4+ 29. Ke2 Rg2+ 30. Kd1 Qg5 31. Qc7+ Kh8 32. Qxb8+ Kh7 33. Qg8+ 1-0

[Event "9th Asrian Memorial 2016"]
[Site "Yerevan ARM"]
[Date "2016.06.19"]
[Round "4.29"]
[White "Arakelyan, Nare"]
[Black "Karapetyan, Lusine"]
[Result "1-0"]
[WhiteElo "1766"]
[BlackElo "1961"]
[WhiteFideId "13307657"]
[BlackFideId "13303163"]
[EventDate "2016.06.16"]

1. e4 e5 2. Nf3 Nc6 3. Bb5 a6 4. Bxc6 dxc6 5. O-O Qd6 6. d4 exd4 7. e5 Qd5 8.
Nxd4 Bc5 9. Nb3 Ba7 10. Qe2 Bd7 11. Nc3 Qe6 12. Re1 O-O-O 13. Be3 Bxe3 14. Qxe3
Kb8 15. Nc5 Qe7 16. N3a4 Bc8 17. Qb3 Ka8 18. Re4 Rd5 19. Nd3 Rb5 20. Qc3 Nh6 21.
Nac5 Bf5 22. Rc4 Re8 23. a4 Rb6 24. Re1 Qg5 25. Re3 Ng4 26. Rg3 Qh5 27. h3 Nh6
28. Re3 Bc8 29. Rce4 g5 30. Qd2 Qg6 31. Rg3 f6 32. e6 Nf5 33. Rf3 Nd6 34. Re1 h5
35. Qc3 Nf5 36. g4 hxg4 37. hxg4 Rh8 38. Rxf5 Qh6 39. Kf1 Qh3+ 40. Ke2 Qxg4+ 41.
Rf3 Bxe6 42. Qxf6 Rh3 43. Nxe6 c5 44. Nxc7+ Ka7 45. Qf5 Qh5 46. Rg1 c4 47. Ne5
Rxb2 48. Kd2 Qh4 49. Rxh3 Qd4+ 50. Ke2 c3 51. Rd1 Qxa4 52. Rxc3 Qa5 53. Nc6+ 1-0

[Event "9th Asrian Memorial 2016"]
[Site "Yerevan ARM"]
[Date "2016.06.19"]
[Round "4.30"]
[White "Golikov, Sergei"]
[Black "Mashalov, Aliniyaz"]
[Result "0-1"]
[WhiteElo "1774"]
[BlackElo "1680"]
[WhiteFideId "34103330"]
[BlackFideId "14004003"]
[EventDate "2016.06.16"]

1. d4 Nf6 2. c4 e6 3. g3 d5 4. cxd5 exd5 5. Bg2 c6 6. Nf3 Bd6 7. O-O O-O 8. Nc3
Nbd7 9. Qc2 Re8 10. Re1 b6 11. Nd2 Bb7 12. e4 Nxe4 13. Ndxe4 dxe4 14. Nxe4 Bb4
15. Bd2 Bxd2 16. Qxd2 Nf6 17. Rad1 Nxe4 18. Bxe4 Qd6 19. Qg5 Rad8 20. a3 Bc8 21.
Qc1 Bb7 22. Rd2 Qf6 23. Rde2 g6 24. Qc3 Qxd4 25. Qf3 Qd7 26. Re3 Re6 27. Rc1 f5
28. Bc2 Rxe3 29. Qxe3 Re8 30. Bb3+ Kf8 31. Qc3 Qg7 32. Qc4 Re4 33. Qd3 Qe7 34.
Qc3 Qe5 35. Qd2 Qe7 36. Rd1 c5 37. Qh6+ Ke8 38. Qd2 Rd4 39. Qc3 Rxd1+ 40. Bxd1
Kd8 41. Ba4 Kc7 42. Qd2 g5 43. Bc2 Qe5 44. f4 gxf4 45. Qxf4 Qxf4 46. gxf4 Be4
47. Bb3 b5 48. Bg8 h6 49. Kf2 Kc6 50. Kg3 Bd5 51. Bh7 Be6 52. Kh4 Kd5 53. Kh5
Ke4 54. Kxh6 Kxf4 55. h4 Kg4 56. h5 f4 57. Bd3 c4 58. Be4 Bf7 59. Bg6 f3 60.
Bxf7 f2 61. Kg7 f1=Q 62. h6 Kg5 63. h7 Qf6+ 64. Kg8 Qd8+ 65. Kg7 Qf6+ 66. Kg8
Qxb2 67. h8=Q Qxh8+ 68. Kxh8 Kf6 69. Kg8 a5 70. Kf8 c3 71. Bb3 a4 72. Bc2 Ke6
73. Ke8 Kd6 74. Kd8 Kc5 75. Kd7 b4 76. Ke6 b3 0-1

[Event "9th Asrian Memorial 2016"]
[Site "Yerevan ARM"]
[Date "2016.06.19"]
[Round "4.31"]
[White "Abrahamyan, Rashid"]
[Black "Hakobyan, Yurik L."]
[Result "1/2-1/2"]
[WhiteElo "1756"]
[BlackElo "1544"]
[WhiteFideId "13304054"]
[BlackFideId "13308866"]
[EventDate "2016.06.16"]

1. e4 e6 2. d4 d5 3. Nd2 c5 4. exd5 exd5 5. dxc5 Bxc5 6. Nb3 Bb6 7. Nf3 h6 8. h3
Nc6 9. c3 Nf6 10. Be2 O-O 11. O-O Be6 12. Bf4 Rc8 13. Nbd4 Nxd4 14. Nxd4 Bxd4
15. Qxd4 a6 16. Be5 Re8 17. Bd3 b5 18. a4 bxa4 19. Bxf6 Qxf6 20. Rxa4 Qxd4 21.
Rxd4 a5 22. Ra1 Rb8 23. b4 axb4 24. cxb4 g6 25. Re1 Kg7 26. b5 Rec8 27. Rb1 Rb6
28. f4 Rc3 29. Rb2 Rc5 30. Rd2 Bd7 31. Bf1 Be6 32. Be2 Kf6 33. Bf1 Rc1 34. Kf2
Rc5 35. g4 Rb8 36. Kg3 Rc3+ 37. Kg2 Rc5 38. Be2 Rb6 39. Kf2 Rb8 40. Kg2 Rb6 1/2-1/2

[Event "9th Asrian Memorial 2016"]
[Site "Yerevan ARM"]
[Date "2016.06.20"]
[Round "5.1"]
[White "Oleksiyenko, Mykhaylo"]
[Black "Pashikian, Arman"]
[Result "1/2-1/2"]
[WhiteTitle "GM"]
[BlackTitle "GM"]
[WhiteElo "2615"]
[BlackElo "2611"]
[WhiteFideId "4152417"]
[BlackFideId "13301578"]
[EventDate "2016.06.16"]

1. e4 e5 2. Nf3 Nc6 3. Nc3 Nf6 4. d4 exd4 5. Nxd4 Bb4 6. Nxc6 bxc6 7. Bd3 d5 8.
exd5 O-O 9. O-O cxd5 10. Bg5 c6 11. Qf3 h6 12. Bxf6 Qxf6 13. Qxf6 gxf6 14. Ne2
Rb8 15. Rab1 Re8 16. Nd4 Rb6 17. c3 Bf8 18. b4 c5 19. bxc5 Bxc5 20. Rxb6 axb6
21. Bb5 Re7 22. h3 Ra7 23. Re1 Ba6 24. Re8+ Kh7 25. Ba4 Bxd4 26. cxd4 Bc4 27.
Bc2+ Kg7 28. a4 b5 29. axb5 Ra1+ 30. Kh2 Bxb5 31. Re3 Rc1 32. Rg3+ Kf8 33. Bh7
Rd1 34. Rg8+ Ke7 35. Rg4 Bd7 36. Rf4 f5 37. Bxf5 Bxf5 38. Rxf5 Rxd4 39. Rh5 Rf4
40. Kg3 Rf6 41. Rxd5 Rg6+ 42. Kf3 Rf6+ 43. Ke3 Kf8 44. f4 Ra6 45. Kf3 Kg7 46. g3
Ra3+ 47. Kg4 Rb3 48. Kh4 Rf3 49. Rd4 Kg6 50. g4 f5 51. Ra4 Kf6 52. g5+ hxg5+ 53.
fxg5+ Kg6 54. Ra6+ Kg7 55. Rb6 Kh7 56. Ra6 1/2-1/2

[Event "9th Asrian Memorial 2016"]
[Site "Yerevan ARM"]
[Date "2016.06.20"]
[Round "5.2"]
[White "Andriasian, Zaven"]
[Black "Zhigalko, Andrey"]
[Result "1/2-1/2"]
[WhiteTitle "GM"]
[BlackTitle "GM"]
[WhiteElo "2611"]
[BlackElo "2594"]
[WhiteFideId "13302000"]
[BlackFideId "13502247"]
[EventDate "2016.06.16"]

1. e4 c5 2. Nf3 e6 3. Qe2 Nc6 4. g3 g6 5. h4 Nf6 6. c3 e5 7. d4 cxd4 8. cxd4
exd4 9. Bg5 h6 10. e5 Bb4+ 11. Bd2 Bxd2+ 12. Nbxd2 O-O 13. O-O-O Re8 14. Ne4
Nxe4 15. Qxe4 d6 16. Nxd4 Nxd4 17. Qxd4 Bf5 18. Bd3 dxe5 19. Qe3 Qc8+ 20. Kb1
Rd8 21. Bxf5 Qxf5+ 22. Ka1 Kg7 23. a3 b6 24. Rhe1 Rxd1+ 25. Rxd1 Rc8 26. Re1 Rc5
27. f3 Rd5 28. g4 Qf4 29. Qe2 b5 30. Qf1 Qd2 31. Ka2 a5 32. Re4 Qc2 33. Re3 b4
34. axb4 axb4 35. Qa6 Rd1 36. Qb5 Kh7 37. Qxb4 Rd4 38. Qb5 h5 39. gxh5 gxh5 40.
Qxe5 Qa4+ 41. Ra3 Qc4+ 42. Rb3 Qa6+ 43. Ra3 Qc4+ 44. Rb3 Qa6+ 45. Ra3 Qc4+ 1/2-1/2

[Event "9th Asrian Memorial 2016"]
[Site "Yerevan ARM"]
[Date "2016.06.20"]
[Round "5.3"]
[White "Kovalev, Vladislav"]
[Black "Hovhannisyan, Robert"]
[Result "1/2-1/2"]
[WhiteTitle "GM"]
[BlackTitle "GM"]
[WhiteElo "2584"]
[BlackElo "2641"]
[WhiteFideId "13504398"]
[BlackFideId "13302507"]
[EventDate "2016.06.16"]

1. e4 e5 2. Nf3 Nc6 3. Bb5 Nf6 4. O-O Nxe4 5. Qe2 Nf6 6. d4 e4 7. Nc3 d5 8. Ne5
Bd7 9. Nxd7 Qxd7 10. f3 a6 11. Bxc6 Qxc6 12. Bg5 O-O-O 13. fxe4 dxe4 14. Bxf6
gxf6 15. Rad1 Re8 16. Rf5 Qd7 17. Qf1 Bb4 18. Rxf6 Bxc3 19. bxc3 e3 20. Qf5 Re7
21. Qxd7+ Kxd7 22. Re1 Rg8 23. Kf1 Rg5 24. a4 Ra5 25. Ra1 e2+ 26. Ke1 b5 27. Rf2
Kd6 28. Rf6+ Kd7 29. Rf2 Rxa4 30. Rxa4 bxa4 31. Rf5 Kc6 32. Ra5 Kb6 33. Rxa4 a5
34. c4 Re3 35. Ra2 Ka6 36. Rb2 a4 37. Rb4 a3 38. Ra4+ Kb6 39. c3 Rxc3 40. Kxe2
f5 41. Kd2 Rb3 42. Kc2 Re3 43. Kd2 Rb3 44. Kc2 Rb2+ 45. Kc3 Rxg2 46. Rxa3 Rxh2
47. Ra8 Rg2 48. Rf8 Rg5 49. c5+ Kb7 50. d5 Rg1 1/2-1/2

[Event "9th Asrian Memorial 2016"]
[Site "Yerevan ARM"]
[Date "2016.06.20"]
[Round "5.4"]
[White "Stupak, Kirill"]
[Black "Zubov, Alexander"]
[Result "1-0"]
[WhiteTitle "GM"]
[BlackTitle "GM"]
[WhiteElo "2555"]
[BlackElo "2627"]
[WhiteFideId "13503758"]
[BlackFideId "14109409"]
[EventDate "2016.06.16"]

1. c4 e6 2. Nc3 d5 3. d4 Be7 4. Nf3 Nf6 5. Bg5 h6 6. Bh4 O-O 7. e3 Ne4 8. Bxe7
Qxe7 9. Rc1 c6 10. Bd3 Nxc3 11. Rxc3 Nd7 12. O-O dxc4 13. Bxc4 b6 14. Qe2 Bb7
15. Ba6 Bxa6 16. Qxa6 c5 17. Rfc1 Qd6 18. dxc5 Qd5 19. b4 Ne5 20. Nxe5 Qxe5 21.
c6 Qc7 22. Rd3 Rfd8 23. Qb7 1-0

[Event "9th Asrian Memorial 2016"]
[Site "Yerevan ARM"]
[Date "2016.06.20"]
[Round "5.5"]
[White "Petrosyan, Manuel"]
[Black "Gabuzyan, Hovhannes"]
[Result "1/2-1/2"]
[WhiteTitle "IM"]
[BlackTitle "GM"]
[WhiteElo "2518"]
[BlackElo "2614"]
[WhiteFideId "13300857"]
[BlackFideId "13303732"]
[EventDate "2016.06.16"]

1. d4 Nf6 2. c4 c5 3. d5 g6 4. Nc3 Bg7 5. e4 d6 6. h3 O-O 7. Bd3 a6 8. a4 e5 9.
Nge2 a5 10. Be3 Na6 11. Qd2 Nb4 12. O-O-O Ne8 13. Bb1 f5 14. exf5 gxf5 15. f4 e4
16. g4 Nf6 17. gxf5 Bxf5 18. Ng3 Qd7 19. Rdg1 Rae8 20. Nb5 Bg6 21. f5 Bh5 22.
Nxh5 Nxh5 23. Rg5 Nf6 24. Rhg1 Re7 25. Qh2 Ne8 26. R5g4 Kh8 27. Bg5 Re5 28. Bxe4
Rfxf5 29. Bd2 Rf7 30. Bb1 Qe7 31. Qg3 Qf6 32. Bc3 Qf1+ 33. Rxf1 Rxf1+ 34. Kd2
Bh6+ 35. Rg5 Bxg5+ 36. Qxg5 Rf2+ 37. Kd1 Rf1+ 1/2-1/2

[Event "9th Asrian Memorial 2016"]
[Site "Yerevan ARM"]
[Date "2016.06.20"]
[Round "5.6"]
[White "Ter-Sahakyan, Samvel"]
[Black "Babujian, Levon"]
[Result "1/2-1/2"]
[WhiteTitle "GM"]
[BlackTitle "GM"]
[WhiteElo "2617"]
[BlackElo "2469"]
[WhiteFideId "13302531"]
[BlackFideId "13301993"]
[EventDate "2016.06.16"]

1. e4 e5 2. Nf3 Nc6 3. Bb5 f5 4. d3 fxe4 5. dxe4 Nf6 6. O-O Bc5 7. Bxc6 bxc6 8.
Nxe5 O-O 9. Nc3 d6 10. Na4 Bxf2+ 11. Rxf2 dxe5 12. Qd3 Qd4 13. Qxd4 exd4 14. e5
Ne4 15. Rxf8+ Kxf8 16. b3 Kf7 17. Bb2 c5 18. Ba3 Ke6 19. Bxc5 Nxc5 20. Nxc5+
Kxe5 21. Re1+ Kd6 22. Ne4+ Kc6 23. Rd1 Kd5 24. Nc3+ Kc5 25. Ne4+ Kd5 26. Nc3+
Kc5 27. Na4+ Kd5 28. c3 c5 29. cxd4 cxd4 30. Nc3+ Kc5 31. Na4+ Kd5 32. Nc3+ Kc5
33. Ne4+ Kd5 34. Nc3+ Ke5 1/2-1/2

[Event "9th Asrian Memorial 2016"]
[Site "Yerevan ARM"]
[Date "2016.06.20"]
[Round "5.7"]
[White "Grigoryan, Karen H."]
[Black "Danielyan, Vahe"]
[Result "1-0"]
[WhiteTitle "GM"]
[BlackTitle "FM"]
[WhiteElo "2604"]
[BlackElo "2240"]
[WhiteFideId "13301004"]
[BlackFideId "13304828"]
[EventDate "2016.06.16"]

1. g3 g6 2. Bg2 Bg7 3. c4 f5 4. d4 Nf6 5. Nc3 O-O 6. e3 d6 7. Nge2 c6 8. b4 e5
9. O-O e4 10. b5 d5 11. Qb3 g5 12. Ba3 Rf7 13. Rfc1 Be6 14. bxc6 Nxc6 15. cxd5
Nxd5 16. Nxd5 Bxd5 17. Qd1 b5 18. Bc5 b4 19. Qa4 Qd7 20. Qa6 Rf6 21. Qa4 Rf7 22.
Kh1 Rb8 23. Rab1 a5 24. a3 Qe6 25. Rb2 Rfb7 26. g4 fxg4 27. Ng3 Rf7 28. Kg1 Qg6
29. axb4 axb4 30. Qc2 Re8 31. Bxb4 Nxb4 32. Rxb4 h5 33. Rb5 Ba8 34. Qb3 h4 35.
Nf5 Bc6 36. Rxc6 Qxc6 37. Bf1 Qd7 38. Bc4 Ra8 39. Qd1 h3 40. Kf1 g3 41. Nxg3 Kf8
42. Rxg5 Bh6 43. Rh5 Rf6 44. Nxe4 Qc6 45. Qd3 Rg6 46. Rxh3 Rc8 47. Rf3+ Kg7 48.
Rf7+ Kh8 49. Nf6 Qg2+ 50. Ke2 Bg7 51. Qf5 1-0

[Event "9th Asrian Memorial 2016"]
[Site "Yerevan ARM"]
[Date "2016.06.20"]
[Round "5.8"]
[White "Sivuk, Vitaly"]
[Black "Torosyan, Norayr"]
[Result "1/2-1/2"]
[WhiteTitle "GM"]
[WhiteElo "2520"]
[BlackElo "2361"]
[WhiteFideId "14116502"]
[BlackFideId "13300431"]
[EventDate "2016.06.16"]

1. e4 c6 2. d4 d5 3. Nd2 dxe4 4. Nxe4 Bf5 5. Ng3 Bg6 6. h4 h6 7. Nf3 Nd7 8. h5
Bh7 9. Bd3 Bxd3 10. Qxd3 e6 11. Bd2 Ngf6 12. O-O-O Be7 13. Kb1 Qb6 14. Rhe1 O-O
15. Nf5 exf5 16. Rxe7 Qd8 17. Re2 Ne4 18. Bf4 Ndf6 19. Bh2 Ng4 20. Bg1 Re8 21.
c4 Qd7 22. Qc2 Rad8 23. Ree1 b5 24. Ne5 Nxe5 25. dxe5 Qe6 26. f3 Ng3 27. Bxa7
Rxd1+ 28. Rxd1 Qxe5 29. Bd4 Qe6 30. cxb5 cxb5 31. Bc3 Nxh5 32. a4 bxa4 33. Re1
Qd7 34. Rxe8+ Qxe8 35. Qxf5 Qe2 36. Qc8+ Kh7 37. Qf5+ Kg8 1/2-1/2